000 00497nam a2200193Ia 4500
005 20250508151754.0
008 008 250505s9999 xx 000 0 eng d
037 _aTextual
040 _aFEDL
_beng
_cFEDL
041 _aeng
_2eng
084 _a331.2, DOB
_qFEDL
100 _aDobb Maurice
245 0 _aWages
260 _aLondon, UK
_bJames Nisbet and Co. Ltd.
_c1956
300 _axv,201p
650 _aEconomics
942 _cTEXL
_h331.2, DOB
999 _c1332059
_d1332059